000 01559nam a2200493 i 4500
001 37331
003 KOSZ 005
005 20220428095047.0
008 000718s2000 pl |001 0 pol
015 _aUWD 2000/12958
020 _a8371971605
035 _a991014338099705066
035 _a(PL-WaBN)b1384992x-48omnis_nlop
035 _ab1384992x
035 _a(OCoLC)749851381
035 _acc2000026013
035 _a(PL)b0000001384992
035 _a(EXLNZ-48OMNIS_NETWORK)9910266796805606
040 _aWA N
_cWA N
_dKOSZ 005/HR
041 0 _apol
046 _k2000
080 _a004.451
080 _a(07)
100 1 _aMarczyński, Jerzy
_eAutor
245 1 0 _aUnix :
_bużytkowanie i administrowanie : podstawy, shelle i polecenia systemów HP-UX, SCO OpenServer, SCO UnixWare /
_cJerzy Marczyński.
250 _aWyd. 2.
260 _aGliwice :
_b"Helion",
_c2000.
300 _a656 s. ;
_c24 cm.
336 _aTekst
_btxt
_2rdacontent
337 _aBez urządzenia pośredniczącego
_bn
_2rdamedia
338 _aWolumin
_bnc
_2rdacarrier
380 _aKsiążki
388 _a1901-2000
388 _a1989-2000
504 _aBibliogr. - Indeks.
650 7 _aSystemy operacyjne
_2DBN
650 7 _aUNIX
_2DBN
655 7 _aPodręcznik
_2DBN
658 _aInformatyka i technologie informacyjne
710 2 _aHelion
_4pbl
856 _uhttp://koha.tu.koszalin.pl/cgi-bin/koha/opac-detail.pl?biblionumber=37331
_yKatalog online BPK
942 _2UKD
_cKS
999 _c37331
_d37331